STRATEGIC MANAGEMENT: THE INDIAN CONTEXT (Record no. 8971)
[ view plain ]
| 000 -LEADER | |
|---|---|
| fixed length control field | 01448nam a22001697a 4500 |
| 003 - CONTROL NUMBER IDENTIFIER | |
| control field | SGT |
| 020 ## - INTERNATIONAL STANDARD BOOK NUMBER | |
| International Standard Book Number | 9788120350304 |
| 082 ## - DEWEY DECIMAL CLASSIFICATION NUMBER | |
| Classification number | 658.4012,SRI |
| 100 ## - MAIN ENTRY--PERSONAL NAME | |
| Personal name | SRINIVASAN,R |
| 245 ## - TITLE STATEMENT | |
| Title | STRATEGIC MANAGEMENT: THE INDIAN CONTEXT |
| 250 ## - EDITION STATEMENT | |
| Edition statement | 5TH |
| 260 ## - PUBLICATION, DISTRIBUTION, ETC. (IMPRINT) | |
| Place of publication, distribution, etc | NEW DELHI |
| Name of publisher, distributor, etc | PHI |
| Year of Publication | 2014 |
| 300 ## - PAGE DESCRIPTION | |
| No. of Pages | 354 |
| 650 ## - SUBJECT ADDED ENTRY--TOPICAL TERM | |
| Topical term or geographic name as entry element | EXECUTIVE MANAGEMENT |
| 653 ## - KEYWORDS--INDEX TERM | |
| Keyword term | SECTION I: INTRODUCTION TO STRATEGIC MANAGEMENT 1. BASIC CONCEPTS OF CORPORATE STRATEGY 2. THE 7-S FRAMEWORK SECTION II: BOARD OF DIRECTORS AND CORPORATE RESPONSIBILITY 3. CORPORATE GOVERNANCE 4. CODE AND LAWS FOR CORPORATE GOVERNANCE 5. SOCIAL RESPONSIBILITY SECTION III: ENVIRONMENTAL LANDSCAPE ANALYSIS 6. EXTERNAL ENVIRONMENTAL ANALYSIS 7. INTERNAL CORPORATE ANALYSIS SECTION IV: STRATEGY IN ACTION 8. STRATEGY FORMULATION 9. STRATEGY IMPLEMENTATION 10. EVALUATION AND CONTROL SECTION V: STRATEGIC ENABLERS 11. R&D AND STRATEGY 12. IT AND STRATEGY 13. KNOWLEDGE MANAGEMENT 14. STRATEGIC RISK 15. OTHER STRATEGIC ISSUES CASE STUDIES 1. HMT MACHINE TOOLS DIVISION—STRATEGY AT CROSSROADS 2. BHARAT HEAVY ELECTRICALS LIMITED—ON THE RIGHT COURSE? 3. ACE DESIGNERS—GOING GLOBAL? 4. HMT WATCHES—ON THE WAY OUT 5. GLOBAL MARKETING IN WIPRO— GROWING IN STRENGTH 6. INFOSYS TECHNOLOGIES LIMITED—TRULY GLOBAL 7. THE INDIAN AIRLINE INDUSTRY—WILL THE FLIGHT BE SMOOTH? |
| 942 ## - ADDED ENTRY ELEMENTS (KOHA) | |
| Source of classification or shelving scheme | Dewey Decimal Classification |
| Koha item type | FCM Books |
| 942 ## - ADDED ENTRY ELEMENTS (KOHA) | |
| -- | 2 |
| Withdrawn status | Lost status | Source of classification or shelving scheme | Damaged status | Not for loan | Collection code | Home library | Current library | Shelving location | Date acquired | Vendor Name | Cost, normal purchase price | SGTU | Bill Number | Total Checkouts | Full call number | Accession No. (Barcode) | Date last seen | Date last borrowed | Bill Date | Koha item type |
|---|---|---|---|---|---|---|---|---|---|---|---|---|---|---|---|---|---|---|---|---|
| Dewey Decimal Classification | COMMERCE MANAGEMENT | SGT Science & Social Sciences Library | SGT Science & Social Sciences Library | On Display | 10/06/2016 | KIRTI PRAKASHAN | 325.00 | SGTU | 2365 | 12 | 658.4012,SRI | CM708 | 17/01/2019 | 30/10/2018 | 16/03/2015 | FCM Books | ||||
| Dewey Decimal Classification | COMMERCE MANAGEMENT | SGT Science & Social Sciences Library | SGT Science & Social Sciences Library | On Display | 10/06/2016 | KIRTI PRAKASHAN | 325.00 | SGTU | 2365 | 11 | 658.4012,SRI | CM709 | 01/01/2024 | 17/11/2023 | 16/03/2015 | FCM Books |